Reencuentro con la historia : (Record no. 190813)

MARC details
000 -CABECERA
campo de control de longitud fija 00646nam a2200193 u 4500
005 - FECHA Y HORA DE LA ÚLTIMA TRANSACCIÓN
campo de control 20210223133320.0
008 - ELEMENTOS DE LONGITUD FIJA--INFORMACIÓN GENERAL
campo de control de longitud fija 170614s2002 mx r 000 0 spa d
020 ## - NÚMERO INTERNACIONAL NORMALIZADO PARA LIBROS
Número Internacional Estándar del Libro 9703200818
035 ## - NÚMERO DE CONTROL DEL SISTEMA
Número de control de sistema UPN01000218713
049 ## - COLECCIÓN
Colección CG
050 #4 - SIGNATURA TOPOGRÁFICA DE LA BIBLIOTECA DEL CONGRESO
Número de clasificación D16.4 M6
Número de documento/Ítem S3.7
100 1# - ASIENTO PRINCIPAL--NOMBRE PERSONAL
Nombre de persona Sánchez Quintanar, Andrea Cecilia,
Fechas asociadas al nombre 1942-2011
9 (RLIN) 40760
245 10 - MENCIÓN DE TÍTULO
Título Reencuentro con la historia :
Resto del título teoría y praxis de su enseñanza en México /
Mención de responsabilidad, etc. Andrea Sánchez Quintanar.
260 ## - PUBLICACIÓN, DISTRIBUCIÓN, ETC.
Lugar de publicación, distribución, etc. México :
Nombre del editor, distribuidor, etc. UNAM, Facultad de Filosofía y Letras,
Fecha de publicación, distribución, etc. 2002.
300 ## - DESCRIPCIÓN FÍSICA
Extensión 356 p.
440 #0 - MENCIÓN DE SERIE/ASIENTO SECUNDARIO--TÍTULO
Título Paideia
650 #4 - ASIENTO SECUNDARIO DE MATERIA - TERMINO TEMATICO
Término de materia o nombre geográfico como elemento de entrada HISTORIA -
Subdivisión general ESTUDIO Y ENSEÑANZA -
Subdivisión geográfica MEXICO
9 (RLIN) 6123
905 ## - TIPO DE MATERIAL
Tipo de material Libro
Holdings
Estado de retiro Estado de pérdida Fuente del sistema de clasificación o colocación Estado dañado No para préstamo Código de colección Localización permanente Ubicación/localización actual Ubicación en estantería Fecha de adquisición Total de préstamos Clasificación Código de barras Fecha visto por última vez Fecha del último préstamo Número de copia Tipo de ítem Koha
    Library of Congress Classification     Colección General Bib. Gregorio Torres Quintero Bib. Gregorio Torres Quintero Planta baja 22/11/2023 6 D16.4 M6 S3.7 318868 06/06/2024 29/05/2024 1 Libro